<?xml version="1.0" encoding="UTF-8"?>
<record
    xmlns:xsi="http://www.w3.org/2001/XMLSchema-instance"
    xsi:schemaLocation="http://www.loc.gov/MARC21/slim http://www.loc.gov/standards/marcxml/schema/MARC21slim.xsd"
    xmlns="http://www.loc.gov/MARC21/slim">

  <leader>01409nam a22002177a 4500</leader>
  <datafield tag="999" ind1=" " ind2=" ">
    <subfield code="c">8711</subfield>
    <subfield code="d">8711</subfield>
  </datafield>
  <controlfield tag="003">GBCCL</controlfield>
  <controlfield tag="005">20241126110656.0</controlfield>
  <controlfield tag="008">210817b           ||||| |||| 00| 0 eng d</controlfield>
  <datafield tag="020" ind1=" " ind2=" ">
    <subfield code="a">9780805495805 </subfield>
  </datafield>
  <datafield tag="020" ind1=" " ind2=" ">
    <subfield code="a">0805495800</subfield>
  </datafield>
  <datafield tag="040" ind1=" " ind2=" ">
    <subfield code="c">hnc</subfield>
  </datafield>
  <datafield tag="082" ind1=" " ind2=" ">
    <subfield code="a">239</subfield>
    <subfield code="b">HOL</subfield>
  </datafield>
  <datafield tag="245" ind1=" " ind2=" ">
    <subfield code="a">If God made the universe, who made God? : </subfield>
    <subfield code="b">130 arguments for Christian faith /</subfield>
    <subfield code="c">[compiled by the Holman Bible editorial staff].</subfield>
  </datafield>
  <datafield tag="260" ind1=" " ind2=" ">
    <subfield code="a">Nashville, TN : </subfield>
    <subfield code="b">Holman Reference, </subfield>
    <subfield code="c">2012.</subfield>
  </datafield>
  <datafield tag="300" ind1=" " ind2=" ">
    <subfield code="a">xii, 208 pages ; </subfield>
    <subfield code="c">20 cm</subfield>
  </datafield>
  <datafield tag="500" ind1=" " ind2=" ">
    <subfield code="a">ncludes index.
"Note on sources: Many of the essays included in this work were originally published in The apologetics study Bible (Nashville: B &amp; H Publishing Group, 2007)--t.p. verso.
" ... 130 essays written in defense of the Christian faith. Contributors include some of the pre-eminent apologists of our time, from Lee Strobel and Charles Colson to Hank Hanegraaff, J.P. Moreland, and Ravi Zacharias."--Back cover.</subfield>
  </datafield>
  <datafield tag="505" ind1=" " ind2=" ">
    <subfield code="a">	pt. 1. Apologetics: introductory issues --
pt. 2. The existence of God --
pt. 3. The Scriptures: their origin, history, and accuracy --
pt. 4. Jesus Christ --
pt. 5. Theology --
pt. 6. Science and faith --
pt. 7. Ethics --
pt. 8. Heaven, Hell, and the spiritual realm --
pt. 9. Cults and world religions --
pt. 10. Evangelism.</subfield>
  </datafield>
  <datafield tag="650" ind1=" " ind2=" ">
    <subfield code="a">Holman Bible Publishers (Nashville, Tenn.)</subfield>
    <subfield code="9">15362</subfield>
  </datafield>
  <datafield tag="650" ind1=" " ind2=" ">
    <subfield code="a"> Apologetics.</subfield>
    <subfield code="9">85</subfield>
  </datafield>
  <datafield tag="942" ind1=" " ind2=" ">
    <subfield code="2">ddc</subfield>
    <subfield code="c">BK</subfield>
    <subfield code="0">9</subfield>
  </datafield>
  <datafield tag="952" ind1=" " ind2=" ">
    <subfield code="0">0</subfield>
    <subfield code="1">0</subfield>
    <subfield code="2">ddc</subfield>
    <subfield code="4">0</subfield>
    <subfield code="7">0</subfield>
    <subfield code="a">GBC</subfield>
    <subfield code="b">GBC</subfield>
    <subfield code="c">TH</subfield>
    <subfield code="d">2021-08-17</subfield>
    <subfield code="l">5</subfield>
    <subfield code="m">1</subfield>
    <subfield code="o">239 HOL</subfield>
    <subfield code="p">015159</subfield>
    <subfield code="r">2022-08-23 00:00:00</subfield>
    <subfield code="s">2022-08-12</subfield>
    <subfield code="t">c.1</subfield>
    <subfield code="w">2021-08-17</subfield>
    <subfield code="y">BK</subfield>
  </datafield>
  <datafield tag="952" ind1=" " ind2=" ">
    <subfield code="0">0</subfield>
    <subfield code="1">0</subfield>
    <subfield code="2">ddc</subfield>
    <subfield code="4">0</subfield>
    <subfield code="7">0</subfield>
    <subfield code="a">GBC</subfield>
    <subfield code="b">GBC</subfield>
    <subfield code="c">TH</subfield>
    <subfield code="d">2024-02-29</subfield>
    <subfield code="l">5</subfield>
    <subfield code="m">1</subfield>
    <subfield code="o">239 HOL</subfield>
    <subfield code="p">016541</subfield>
    <subfield code="r">2025-07-08 10:12:29</subfield>
    <subfield code="s">2025-07-07</subfield>
    <subfield code="t">c.2</subfield>
    <subfield code="w">2024-02-29</subfield>
    <subfield code="y">BK</subfield>
  </datafield>
</record>
